TOP 10 des pays ayant le plus de victoires militaires - Statistiques

Statistiques générales
  • Ce quiz a été pris 605 fois
  • Le résultat moyen est 8 sur 10
Statistiques - réponses
Hint Réponse % Correct
TOP 1 (1115) France
100%
TOP 3 (833) États-Unis
98%
TOP 4 (491) Russie
96%
TOP 5 (425) Allemagne
92%
TOP 9 (244) Chine
92%
TOP 6 (387) Espagne
88%
TOP 8 (259) Italie
85%
TOP 2 (1105) Angleterre
81%
TOP 10 (210) Turquie
57%
TOP 7 (344) Pologne
51%
Aucun quiz correspondant
Distribution des résultats
% des personnes avec chaque résultat
Percentile par nombre de réponses
Votre historique - résultats
Vous n’avez pas pris ce quiz